00988 2200181 4500245006100000020002200061250001100083100001800094650001800112650002200130005001900152260004000171041001400211084001100225300002800236500053300264336000900797 aKisah Rp 1000 yang Mengubah HidupkucJosef BatanoahText a978-979-709-899-5 aCet. 1 aJosef Batanoa aMotivasi Diri aPengembangan Diri a20240115140551 aJakartabPenerbit Buku Kompasc2015 aIndonesia a155.25 axvi, 208 hlm. :c19 cm. aBerpedoman moto "be yourself, but better everyday", Josef Batanoa beranjak dari kampung halamannya dan menerima tantangan untuk merantau ke ibu kota. Tak terbayangkan sebelumnya, seorang bocah dari desa kecil di timur Nusantara itu kini bisa menduduki kursi direksi salah satu perusahaan terbesar di Indonesia. Salah satu rahasianya ada di dalam selembar uang Rp 10.000. Dengan pengalaman yang membentang antara Pantai Lamalera dan Jakarta, Josef membagikan kembali kisah dan inspirasi seputar kehidupan, pekerjaan, dan keluarga atext